Normal view MARC view
  • Swain, Joseph Ward

Entry Personal Name

Number of records used in: 1

001 - CONTROL NUMBER

  • control field: 50539

003 - CONTROL NUMBER IDENTIFIER

  • control field: NUST

005 - DATE AND TIME OF LATEST TRANSACTION

  • control field: 20210314134653.0

008 - FIXED-LENGTH DATA ELEMENTS

  • fixed length control field: 210314|| aca||aabn | a|a d

040 ## - CATALOGING SOURCE

  • Original cataloging agency: NUST
  • Transcribing agency: NUST

100 ## - HEADING--PERSONAL NAME

  • Personal name: Swain, Joseph Ward

670 ## - SOURCE DATA FOUND

  • Source citation: Work cat.: (NUST): Swain, Joseph Ward,, A history of Europe Ancient and Medieval , [c1938]
© 2023 Central Library, National University of Sciences and Technology. All Rights Reserved.